000
00241nam a22001217a 4500
020
_a
0-7214-1660-8
082
_a
823
_b
SEW/B
245
_a
BLACK BEAUTY
260
_a
UK
_b
LADY BIRD
300
_a
51
650
_a
ENGLISH STORY
_z
UK
942
_c
BK
999
_c
1962
_d
1962